000 00304 a2200145 4500
001 180405
020 _a
040 _cMagnum
100 _aClaret, Ivan
240 1 0 _aA mao que semeia
_lpor
245 1 0 _aA mao que semeia
362 0 _a1899
697 _aMAGNITO: IJ/SOCIEDADE COTIDIAN
942 _cBK
999 _c180405
_d180405